000 01156nam a22003377a 4500
001 1578
005 20240508114815.0
020 _a9780375858239
020 _a0375858237
040 _aBTCTA
_cBTCTA
_dCXP
_dB2A
_dDPL
_dSRC
_dVP@
_dGDK
_dDLC
_dFISKH
_beng
050 0 0 _aPZ7.P19535
_bErs 2009
082 0 0 _a[Fic]
_222
100 1 _aPaolini, Christopher.
245 1 0 _aEragon's guide to Alagaësia /
_cChristopher Paolini ; illustrated by Fred Gambino ... [et al.].
246 3 0 _aGuide to Alagaësia
250 _a1st ed.
260 _aNew York :
_bAlfred A. Knopf,
_c2009.
300 _a30 unnumbered pages :
_bcolor illustrations, map ;
_c27 x 31 cm.
520 _aAn introduction to the fictional world of the people, places, and things, of Alagaësia.
650 0 _aDragons
_vJuvenile fiction.
650 0 _aToy and movable books
_vSpecimens.
650 1 _aFantasy.
650 1 _aDragons
_vFiction.
650 1 _aLift-the-flap books.
650 1 _aTextured books.
650 1 _aToy and movable books.
655 7 _aFantasy fiction.
_2gsafd
700 1 _aGambino, Fred.
906 _a7
_bcbc
_ccopycat
_d2
_encip
_f20
_gy-gencatlg
942 _2ddc
_cBK
_n0
999 _c1578
_d1578